Концертни дуети за обой [Нотирана музика] (Запис номер 365365)
[ съкратено ]
| 000 -Лидер | |
|---|---|
| Контролно поле с фиксирана дължина | ncm a22 a 4500 |
| 003 - Код на организацията, давaща контролен номер | |
| Контролно поле | BLK |
| 005 - Дата и час на последна редакция | |
| Контролно поле | 20200529170720.0 |
| 008 - Елементи от данни с фиксирана дължина | |
| fixed length control field | 200529b bu ||||| |||| 00| 0 bu d |
| 040 ## - Източник на каталожния запис | |
| Идентификатор на билиотеката - собственик на записа | BLK |
| 041 ## - Код за език | |
| Код за езика на текст/звукозапис или на отделно заглавие | Български |
| Код за езика КДБФ | Български |
| 080 ## - УДК | |
| Текстов определител УДК | Обой, английски рог, любовен обой. |
| УДК код - определител по УДК | 788.7 |
| УДК - код + определител | 788.7 |
| 139 ## - Редно поле | |
| Редна дума | Концертни дуети за обой [Нотирана музика] |
| Авторски знак | Конф - К 84 |
| 245 ## - Сведения за заглавието | |
| Заглавие | Концертни дуети за обой [Нотирана музика] |
| Редно поле (дума) | състав. и ред. Петър Гузелски и Георги Желязов |
| 260 ## - Област на издателските данни | |
| 9 (RLIN) | 209430 |
| Място на издаване, разпространение и проч. | София |
| Име на издателя, разпространителя и проч. | Музика |
| Година на издаване | 1980 |
| Издателство - префикс ISBN | 978-954-405- |
| 300 ## - Физическа характеристика | |
| Страници | 68 с. : с ноти |
| Размери/Мащаб | 34 см |
| 380 ## - Жанр | |
| Жанр | Изкуство |
| 500 ## - Общи забележки | |
| Забележка | Съдържа: дуети от Франсоа Гарние, Карл Бергт и Фриц Флеминг |
| 650 #7 - Допълнително описание по предмет – тема | |
| 9 (RLIN) | 164433 |
| Основно описание – тема или топоним | Обой - пиеси |
| 700 ## - Други автори (авторска отговорност) | |
| 9 (RLIN) | 674 |
| Лично име | Гарние, Франсоа |
| Автороска отговорност (Описва отношението между автора и произведението) | музика |
| 700 ## - Други автори (авторска отговорност) | |
| 9 (RLIN) | 674 |
| Лично име | Бергт, Карл |
| Автороска отговорност (Описва отношението между автора и произведението) | музика |
| 700 ## - Други автори (авторска отговорност) | |
| 9 (RLIN) | 674 |
| Лично име | Флеминг, Фриц |
| Автороска отговорност (Описва отношението между автора и произведението) | музика |
| 852 ## - Местоположение | |
| Форматна сигнатура | Цб М ІІ 7636 |
| Фондова буква | Хранилище |
| 999 ## - СИСТЕМНИ КОНТРОЛНИ НОМЕРА | |
| Koha biblionumber | 365365 |
| Koha biblioitemnumber | 365365 |
| 942 ## - АРТИКУЛИ | |
| Източник на класификационната схема | Universal Decimal Classification |
| Вид на библиотечния материал | Нотни издания |
| Скрит в OPAC | Не |
| Периодичен библиозапис | Да |
| 944 ## - СЪЗДАВАНЕ И РЕДАКЦИЯ на ЗАПИСА | |
| Създаване/Редакция | Създаване |
| Дата на регистрацията/редакция | 2020-05-29 |
| Служител, извършил регистрацията/редакцията | ГГГ |
| Код за отписване | Код за изгубен артикул | Източник на класификационната схема | Код за повреда | Коз за рестрикции | Код за отдаване | Артикулен № | Име на библиотеката - собственик | Име на библиотеката, в която се намира в момента | Статус (Текущо местоположение) | Дата на вписване в системата | Местоположение - отдел | Цена в лева | Инвентарен номер | Систематично азбучна сигнатура | Баркод | Цена в евро | Служебен тип на артикула |
|---|---|---|---|---|---|---|---|---|---|---|---|---|---|---|---|---|---|
| Не е изгубен | Universal Decimal Classification | Не е повреден | само за читалня | ползва се в читалня | 773569 | Регионална библиотека "Любен Каравелов" Русе | Регионална библиотека "Любен Каравелов" Русе | Хранилище | 2020-06-01 | Хранилище | 4.04 | 295381 | Цб М ІІ 7636 | 900000015318 | 2.07 | Нотни издания | |
| Не е изгубен | Universal Decimal Classification | Не е повреден | без рестрикции | заемане за дома | 773570 | Регионална библиотека "Любен Каравелов" Русе | Регионална библиотека "Любен Каравелов" Русе | Отдел Изкуство - подръчен фонд | 2020-06-01 | Отдел Изкуство - подръчен фонд | 4.04 | 309897 | 788/К 84 | 900000015317 | 2.07 | Нотни издания |